000 00461nam a22001577a 4500
008 250701b |||||||| |||| 00| 0 eng d
020 _a9789327269000
050 _aHT149.5
_b.C45
100 _aChandna C.R.
245 _aRegional planning and development
250 _a6th
260 _aNew Delhi
_bKalyani publishers
_c2023
300 _a398p.
_bill.
650 _aRegional planning- developing countries
_vUrbanization- developing countries
942 _cBK
999 _c4026
_d4026